000
00247nam a2200109 a 4500
008
101209s2009|||| d
245
1
0
_a
November ┤89
260
_b
Kalligram
_a
Bratislava
_c
2009
020
_c
9,90
041
_a
slo
044
_a
xo
_c
SK
999
_c
15066
_d
15066